000 00489cam a22001457a 4500
008 180718b1993 xxu||||| |||| 00| 0 eng d
020 _a8185195587
082 _aB1243x5412 C349
100 _aChakrabarti, Asim Pada
245 _aMuslim identity and community consciousness : Bengal legislative politics 1912-36
_cby Asim Pada Chakrabarti
260 _aCalcutta
_bMinerva
_c1993
300 _a224p.
650 _aLegislators - India - West Bengal
650 _aMuslims - India - West Bengal
999 _c374619
_d374619